000 00519nam a2200193 4500
001 127601
003 ES-MaACL
005 20230906193038.0
007 t|
008 070214s1958 sp r ||||1| cat d
100 1 _aRiu Dalmau, Fidel.
_997503
245 1 3 _aLa terra i el temps /
_cFidel Riu Dalmau.
260 _aBarcelona :
_bArca,
_c1958.
300 _a64 p. ;
_c18 cm.
490 1 _aTorrell de Reus
830 0 _aTorrell de Reus
_9182738
852 _aES-MaACL
_j2003-F-6
_bR.43963
999 _c127601
_d127601